000 00882nas a2200265 4500
001 BR2017001171
003 BR-BrBNA
005 20231205130922.0
007 ta
008 230509b bl.|||p| |||| 00| 00por d
040 _aBR-BrBNA
_bpor
_cBiblioteca Nacional de Agricultura
041 _a(En)
072 _aK50; U10
100 1 _aWahrhaftig, A. de M.
100 1 _aBrasil, R.M.L.R. da F.
100 1 _aCésar, S.F.
245 1 _aCreep in the fundamental frequency and stability of a slender wooden column of composite section
650 _aMADEIRA
650 _aVIBRAÇÃO
650 _aMODELO MATEMÁTICO
773 0 _tRevista Árvore (Brazil)
_xISSN 1806-9088
_g(Nov-Dec 2016), v. 40(6) p. 1119-1130
_wBR2017001171
856 4 0 _uhttp://www.scielo.br/pdf/rarv/v40n6/0100-6762-rarv-40-06-1119.pdf
909 _a202311
_bLúcia
_c55
_dLúcia Elande
942 _2AGRIS
_n0
_cANA
999 _c252032
_d252032